000 01138nam a22003257a 4500
003 CHAP
005 20220329140718.0
008 971013s1981 r 00010 d
010 _a56379
011 _a57351
035 _a61506
040 _cCHAP
090 _aTesis
100 0 0 _aZenteno Perches, Arturo.
_9123906
245 _aOrganización, políticas y estratégias para un programa de desarrollo rural integral en la región mixteca Oaxaca, México
260 _aMonterrey, N.L. :
_bEl autor,
_c1981
300 _a71 h.
502 _aTesis (Ing. Agrónomo Zootecnista) -- Univ. Autónoma de Nuevo León. Fac. de Agronomía
590 _aALEPH
_b10
_c20130110
_lUCH01
_h1334
590 _aBATCH-UPD
_b10
_c20130110
_lUCH01
_h0744
590 _aBATCH-UPD
_b10
_c20130410
_lUCH01
_h0426
590 _aBATCH-UPD
_b10
_c20130914
_lUCH01
_h1155
590 _aCONVERSION
_b10
_c20130109
_lUCH01
_h1330
650 1 4 _aDesarrollo rural.
_932067
650 1 4 _aOaxaca
_xCondiciones rurales.
_982477
650 1 4 _aPlaneación regional
_xOaxaca.
_988718
901 _aBK
942 _cTESIS
949 _bBC
_cTES
_d-132109
_eTS1
_h18521
_i61506
_mD
_si
999 _c56379
_d56379